| 000 | 00417 a2200133 4500 | ||
|---|---|---|---|
| 001 | 155463 | ||
| 040 | _cEscola São Tomás de Aquino | ||
| 100 | _aALVES, Januária Cristina | ||
| 240 | 1 | 0 |
_aO curupira e outros seres fantásticos do folclore brasileiro _lpor |
| 245 | 1 | 0 | _aO curupira e outros seres fantásticos do folclore brasileiro |
| 362 | 0 | _a2017 | |
| 697 | _aFolclore / Adivinhações / Lendas | ||
| 942 | _cBK | ||
| 999 |
_c155463 _d155463 |
||